000 00467nam a2200169Ia 4500
003 LK-CoDNM
008 010623t xxu||||| |||| 00| 1 sin d
040 _aLK-CoDNM
_dLK-CoDNM
_eLK-CoDNM
041 _asin
080 _a294.3 SOM
100 _aMunasingha,Chamika.
245 _aමාගේ දේශය අවදි කරන හඬ
246 _aMaage Deeshaya Awadi Karana Hada
260 _bDayawansa Jayakody
_aColombo
300 _b190p., 21 cm
942 _cBK
999 _c140323
_d140323